Mizantrop (Record no. 20947)
[ view plain ]
| 000 -LEADER | |
|---|---|
| fixed length control field | 01915cam a2200493 a 4500 |
| 001 - CONTROL NUMBER | |
| control field | 20947 |
| 003 - CONTROL NUMBER IDENTIFIER | |
| control field | VRT |
| 005 - DATE AND TIME OF LATEST TRANSACTION | |
| control field | 20260207111849.0 |
| 008 - FIXED-LENGTH DATA ELEMENTS--GENERAL INFORMATION | |
| fixed length control field | 250313s1944 xo 000 d slo c |
| 015 ## - NATIONAL BIBLIOGRAPHY NUMBER | |
| National bibliography number | SNBA19421945-076/1728 |
| 035 ## - SYSTEM CONTROL NUMBER | |
| System control number | SK01SNKBKSD220010078394 |
| 035 ## - SYSTEM CONTROL NUMBER | |
| System control number | urn:nbn:sk:snk-am3hkk3 |
| 035 ## - SYSTEM CONTROL NUMBER | |
| System control number | A56029AE-E336-409A-8254-41585DF3AB49 |
| 035 ## - SYSTEM CONTROL NUMBER | |
| System control number | urn:nbn:sk:snk-am00d3mx |
| 035 ## - SYSTEM CONTROL NUMBER | |
| System control number | SKM000080857 |
| 039 #9 - LEVEL OF BIBLIOGRAPHIC CONTROL AND CODING DETAIL [OBSOLETE] | |
| Level of rules in bibliographic description | 202503131220 |
| Level of effort used to assign nonsubject heading access points | VLOAD |
| Level of effort used to assign subject headings | 202205120830 |
| Level of effort used to assign classification | VLOAD |
| Level of effort used to assign subject headings | 202006181348 |
| Level of effort used to assign classification | csnk20 |
| Level of effort used to assign subject headings | 202003231353 |
| Level of effort used to assign classification | maubb02 |
| 040 ## - CATALOGING SOURCE | |
| Original cataloging agency | SNK |
| Language of cataloging | slo |
| Transcribing agency | SNK |
| Description conventions | AACR2 |
| 041 1# - LANGUAGE CODE | |
| Language code of text/sound track or separate title | slo |
| Language code of original | fre |
| 044 ## - COUNTRY OF PUBLISHING/PRODUCING ENTITY CODE | |
| MARC country code | xo |
| ISO country code | SK |
| 072 #7 - SUBJECT CATEGORY CODE | |
| Subject category code | 821.13 |
| Subject category code subdivision | Románske literatúry |
| Source | konspekt |
| 080 ## - UNIVERSAL DECIMAL CLASSIFICATION NUMBER | |
| Universal Decimal Classification number | 821.133.1/2-265.4 |
| Edition identifier | 2011 |
| 080 ## - UNIVERSAL DECIMAL CLASSIFICATION NUMBER | |
| Universal Decimal Classification number | (0:82-22) |
| Edition identifier | 2011 |
| 100 0# - MAIN ENTRY--PERSONAL NAME | |
| Personal name | Molière, |
| Dates associated with a name | 1622-1673 |
| Relationship | aut |
| 240 10 - UNIFORM TITLE | |
| Uniform title | Misanthrope |
| Language of a work | Slovensky |
| 245 10 - TITLE STATEMENT | |
| Title | Mizantrop |
| Remainder of title | (Odľud) : komédia v piatich dejstvách |
| Statement of responsibility, etc. | Jean Baptiste Moliére ; preložil Ján Poničan |
| 260 ## - PUBLICATION, DISTRIBUTION, ETC. | |
| Place of publication, distribution, etc. | Turčiansky Sv. Martin |
| Name of publisher, distributor, etc. | Ústredie slovenských ochotníckych divadiel |
| -- | Matica slovenská |
| Date of publication, distribution, etc. | 1944 |
| Place of manufacture | Turčiansky Sv. Martin |
| Manufacturer | Neografia |
| 300 ## - PHYSICAL DESCRIPTION | |
| Extent | 101, [i] s. |
| Dimensions | 8° |
| 490 1# - SERIES STATEMENT | |
| Series statement | Javisko |
| Volume/sequential designation | sv. 4 |
| 655 #7 - INDEX TERM--GENRE/FORM | |
| Genre/form data or focus term | francúzske drámy |
| Source of term | SNKPH |
| 655 #7 - INDEX TERM--GENRE/FORM | |
| Genre/form data or focus term | divadelné komédie |
| Source of term | SNKPH |
| 655 #7 - INDEX TERM--GENRE/FORM | |
| Genre/form data or focus term | French drama |
| Source of term | SNKPHeng |
| 655 #7 - INDEX TERM--GENRE/FORM | |
| Genre/form data or focus term | Comedies |
| Source of term | SNKPHeng |
| 700 1# - ADDED ENTRY--PERSONAL NAME | |
| Personal name | Poničan, Ján, |
| Dates associated with a name | 1902-1978 |
| Relationship | trl |
| 830 #0 - SERIES ADDED ENTRY--UNIFORM TITLE | |
| Uniform title | Javisko |
| 942 ## - ADDED ENTRY ELEMENTS (KOHA) | |
| Source of classification or shelving scheme | Dewey Decimal Classification |
| Koha item type | Krásna literatúra pre dospelých |
| Suppress in OPAC | No |
| 949 ## - LOCAL PROCESSING INFORMATION (OCLC) | |
| 6 | 2889021670 |
| a | savukIIIA 1117 |
| o | D 6489 |
| 949 ## - LOCAL PROCESSING INFORMATION (OCLC) | |
| 6 | 369701000016966 |
| a | aubbD 12387 |
| b | aubbD12387 |
| p | Výmena: DÚ BL |
| 949 ## - LOCAL PROCESSING INFORMATION (OCLC) | |
| 6 | 369701000016967 |
| a | aubbD 12388 |
| b | aubbD12388 |
| p | Výmena: DÚ BL |
| 949 ## - LOCAL PROCESSING INFORMATION (OCLC) | |
| 6 | 17A0199045 |
| 9 | P60, <04>, [BOOK], {604} |
| a | snkSD 4951/4 D2 |
| 949 ## - LOCAL PROCESSING INFORMATION (OCLC) | |
| 6 | 17A0368972 |
| 9 | P60, <04>, [BOOK], {604} |
| a | snkSD 4951/4 D1 |
| 949 ## - LOCAL PROCESSING INFORMATION (OCLC) | |
| 6 | 17A0908200 |
| a | snkSD 4951/4 |
| b | snk2835/44 |
| o | I. 112/45 - ev.č. |
| s | 6100:20180703 |
| Stav vyradenia | Strata | Poškodenie | Spôsob nadobudnutia | Domovská knižnica | Aktuálna knižnica | Dátum nadobudnutia | Total checkouts | Čiarový kód exemplára | Date last seen | Typ exemplára | Verejná poznámka |
|---|---|---|---|---|---|---|---|---|---|---|---|
| Dar | Obecná knižnica Horná Štubňa | Obecná knižnica Horná Štubňa | 07.02.2026 | 4736201116 | 07.02.2026 | Krásna literatúra pre dospelých | divadelná hra |
